| 000 | 00350pab a2200145 454500 | ||
|---|---|---|---|
| 008 | 180718b1984 xxu||||| |||| 00| 0 eng d | ||
| 100 | _aSaikal, Amin | ||
| 245 | _aThe Pakistan unrest and the Afghanistan problem | ||
| 260 | _c1984 | ||
| 300 | _a102-7 | ||
| 362 | _aMar. | ||
| 650 | _aPakistan - Politics | ||
| 773 | _aWorld Today | ||
| 909 | _a14708 | ||
| 999 |
_c14708 _d14708 |
||